[Event "EYCC 2024 - O14"]
[Site "?"]
[Date "2024.08.25"]
[Round "4.1"]
[White "Federer, Colin"]
[Black "Guretchii, Kirill"]
[Result "1-0"]
[BlackElo "2034"]
[WhiteElo "2151"]
[LiveChessVersion "1.4.8"]

1. d4 {[%clk 1:30:54]} d5 {[%clk 1:30:51]} 2. c4 {[%clk 1:31:19]} e6
{[%clk 1:31:17]} 3. Nf3 {[%clk 1:31:41]} Nf6 {[%clk 1:31:40]} 4. g3
{[%clk 1:32:08]} Bb4+ {[%clk 1:31:11]} 5. Bd2 {[%clk 1:32:24]} Be7
{[%clk 1:31:34]} 6. Bg2 {[%clk 1:31:35]} O-O {[%clk 1:31:34]} 7. O-O
{[%clk 1:27:35]} Nbd7 {[%clk 1:31:51]} 8. Qc2 {[%clk 1:25:18]} c6
{[%clk 1:32:06]} 9. Bf4 {[%clk 1:20:02]} b6 {[%clk 1:31:33]} 10. Nbd2
{[%clk 1:16:47]} Nh5 {[%clk 1:21:58]} 11. cxd5 {[%clk 0:59:37]} cxd5
{[%clk 0:55:51]} 12. Bc7 {[%clk 0:51:37]} Qe8 {[%clk 0:55:52]} 13. Rfc1
{[%clk 0:44:40]} Bb7 {[%clk 0:52:57]} 14. a4 {[%clk 0:41:57]} Rc8
{[%clk 0:50:08]} 15. Qb3 {[%clk 0:38:52]} Bd8 {[%clk 0:33:15]} 16. Bd6
{[%clk 0:33:58]} Be7 {[%clk 0:31:58]} 17. Rxc8 {[%clk 0:30:09]} Bxc8
{[%clk 0:32:21]} 18. Bxe7 {[%clk 0:30:11]} Qxe7 {[%clk 0:32:42]} 19. a5
{[%clk 0:29:54]} Bb7 {[%clk 0:27:11]} 20. axb6 {[%clk 0:27:12]} axb6
{[%clk 0:27:13]} 21. Nb1 {[%clk 0:25:44]} Ra8 {[%clk 0:26:09]} 22. Rxa8+
{[%clk 0:25:12]} Bxa8 {[%clk 0:26:31]} 23. Nc3 {[%clk 0:24:11]} Nhf6
{[%clk 0:25:36]} 24. e3 {[%clk 0:22:34]} Qd6 {[%clk 0:24:38]} 25. Bf1
{[%clk 0:21:44]} Bc6 {[%clk 0:20:48]} 26. Ne5 {[%clk 0:19:00]} Qc7
{[%clk 0:17:30]} 27. Nxd7 {[%clk 0:16:15]} Bxd7 {[%clk 0:16:22]} 28. Qa3
{[%clk 0:14:49]} Bc6 {[%clk 0:15:57]} 29. Kg2 {[%clk 0:13:17]} g6
{[%clk 0:14:40]} 30. Na2 {[%clk 0:11:36]} Kg7 {[%clk 0:12:51]} 31. Nb4
{[%clk 0:11:32]} Bd7 {[%clk 0:13:03]} 32. Nd3 {[%clk 0:10:59]} Bb5
{[%clk 0:12:28]} 33. Qb4 {[%clk 0:10:08]} Ba6 {[%clk 0:12:36]} 34. Qa4
{[%clk 0:09:45]} Bc4 {[%clk 0:11:50]} 35. Qc2 {[%clk 0:08:42]} Qe7
{[%clk 0:12:00]} 36. Be2 {[%clk 0:07:36]} Qa7 {[%clk 0:11:43]} 37. Bd1
{[%clk 0:06:15]} Qa5 {[%clk 0:11:09]} 38. Ne5 {[%clk 0:05:56]} Bb5
{[%clk 0:04:51]} 39. Qc7 {[%clk 0:05:37]} Be8 {[%clk 0:04:57]} 40. Bf3
{[%clk 0:04:39]} Qb4 {[%clk 0:04:55]} 41. Qc3 {[%clk 0:03:44]} Qa4
{[%clk 0:03:47]} 42. h4 {[%clk 0:03:51]} Qa1 {[%clk 0:03:27]} 43. Qb4
{[%clk 0:03:49]} b5 {[%clk 0:02:19]} 44. g4 {[%clk 0:03:34]} Nd7 {[%clk 0:01:43]}
45. Qe7 {[%clk 0:00:45]} Nxe5 {[%clk 0:01:53]} 46. dxe5 {[%clk 0:01:13]} Bc6
{[%clk 0:01:55]} 47. h5 {[%clk 0:01:22]} Qa8 {[%clk 0:01:25]} 48. h6+
{[%clk 0:00:34]} Kg8 {[%clk 0:00:39]} 49. g5 {[%clk 0:00:52]} Qe8
{[%clk 0:00:38]} 50. Qf6 {[%clk 0:01:08]} Qf8 {[%clk 0:01:08]} 51. b4
{[%clk 0:00:54]} Ba8 {[%clk 0:01:21]} 52. Kf1 {[%clk 0:01:12]} Bb7
{[%clk 0:01:34]} 53. Bg4 {[%clk 0:01:31]} Bc8 {[%clk 0:01:50]} 54. Ke2
{[%clk 0:01:28]} Bd7 {[%clk 0:01:41]} 55. Kf3 {[%clk 0:01:08]} Bc8
{[%clk 0:02:07]} 56. Kg3 {[%clk 0:01:32]} Bd7 {[%clk 0:02:30]} 57. Be2
{[%clk 0:01:54]} Bc6 {[%clk 0:02:49]} 58. Bg4 {[%clk 0:02:00]} Bd7
{[%clk 0:03:15]} 59. Bh3 {[%clk 0:02:26]} Bc8 {[%clk 0:03:34]} 60. Bf1
{[%clk 0:02:44]} Bd7 {[%clk 0:03:53]} 61. Bd3 {[%clk 0:03:13]} Bc6
{[%clk 0:04:02]} 62. Qf4 {[%clk 0:03:11]} Qd8 {[%clk 0:04:20]} 63. Kg4
{[%clk 0:03:29]} Qe7 {[%clk 0:04:03]} 64. Qd4 {[%clk 0:03:19]} Qf8
{[%clk 0:02:40]} 65. Kh3 {[%clk 0:03:17]} Be8 {[%clk 0:02:47]} 66. Qf4
{[%clk 0:00:57]} Bc6 {[%clk 0:02:52]} 67. Qf6 {[%clk 0:01:22]} Bd7
{[%clk 0:03:14]} 68. Kg2 {[%clk 0:01:45]} Bc6 {[%clk 0:03:31]} 69. Kf1
{[%clk 0:02:11]} Bd7 {[%clk 0:03:34]} 70. Ke2 {[%clk 0:02:27]} Bc6
{[%clk 0:03:43]} 71. Kd1 {[%clk 0:02:50]} Bd7 {[%clk 0:04:09]} 72. Kc2
{[%clk 0:02:58]} Qc8+ {[%clk 0:04:33]} 73. Kb3 {[%clk 0:03:17]} Qf8
{[%clk 0:04:54]} 74. Ka2 {[%clk 0:02:32]} Qa8+ {[%clk 0:05:16]} 75. Kb2
{[%clk 0:02:32]} Qf8 {[%clk 0:05:16]} 76. Kb3 {[%clk 0:02:32]} Bc6
{[%clk 0:05:16]} 77. Qf4 {[%clk 0:03:47]} Qe8 {[%clk 0:05:33]} 78. Qd4
{[%clk 0:03:55]} Qd7 {[%clk 0:05:43]} 79. Qc5 {[%clk 0:03:54]} Qe8
{[%clk 0:05:39]} 80. Qb6 {[%clk 0:02:46]} Bd7 {[%clk 0:04:41]} 81. Kc3
{[%clk 0:00:36]} Qa8 {[%clk 0:02:34]} 82. Kb2 {[%clk 0:00:33]} Qe8
{[%clk 0:02:54]} 83. Kb3 {[%clk 0:00:54]} Kf8 {[%clk 0:02:11]} 84. Qc5+
{[%clk 0:01:10]} Kg8 {[%clk 0:02:34]} 85. Qb6 {[%clk 0:01:38]} Kf8
{[%clk 0:03:00]} 86. Qd6+ {[%clk 0:01:55]} Kg8 {[%clk 0:03:24]} 87. Kc3
{[%clk 0:02:08]} Qc8+ {[%clk 0:02:39]} 88. Kd4 {[%clk 0:02:09]} Kh8
{[%clk 0:02:33]} 89. Qe7 {[%clk 0:01:17]} Kg8 {[%clk 0:02:52]} 90. f3
{[%clk 0:01:25]} Bc6 {[%clk 0:02:26]} 91. Qd6 {[%clk 0:00:36]} Be8
{[%clk 0:02:29]} 92. Qb6 {[%clk 0:00:36]} Qd7 {[%clk 0:02:30]} 93. Qb8
{[%clk 0:00:37]} Qe7 {[%clk 0:02:27]} 94. Kc3 {[%clk 0:00:47]} Qd7
{[%clk 0:02:51]} 95. f4 {[%clk 0:01:06]} Qc6+ {[%clk 0:02:43]} 96. Kd4
{[%clk 0:01:25]} Qd7 {[%clk 0:02:58]} 97. Be2 {[%clk 0:01:14]} Qc6
{[%clk 0:02:34]} 98. Qd8 {[%clk 0:00:57]} Kf8 {[%clk 0:00:32]} 99. Qd6+
{[%clk 0:01:21]} Qxd6 {[%clk 0:00:34]} 100. exd6 {[%clk 0:01:50]} Bd7
{[%clk 0:00:33]} 101. Kc5 {[%clk 0:02:08]} Ke8 {[%clk 0:00:32]} 102. Bxb5
{[%clk 0:02:26]} Kd8 {[%clk 0:00:32]} 103. Bxd7 {[%clk 0:02:49]} Kxd7
{[%clk 0:00:58]} 104. b5 {[%clk 0:03:16]} 1-0

[Event "EYCC 2024 - O14"]
[Site "?"]
[Date "2024.08.25"]
[Round "4.2"]
[White "Oktem, Ege Tuna"]
[Black "Banerjee, Aryan"]
[Result "1-0"]
[BlackElo "1995"]
[WhiteElo "2144"]
[LiveChessVersion "1.4.8"]

1. e4 {[%clk 1:30:50]} c5 {[%clk 1:30:52]} 2. c3 {[%clk 1:31:14]} Nf6
{[%clk 1:27:52]} 3. e5 {[%clk 1:30:12]} Nd5 {[%clk 1:28:08]} 4. Nf3
{[%clk 1:30:38]} e6 {[%clk 1:25:01]} 5. d4 {[%clk 1:30:28]} cxd4 {[%clk 1:25:19]}
6. cxd4 {[%clk 1:30:46]} d6 {[%clk 1:24:03]} 7. Bc4 {[%clk 1:28:13]} Nb6
{[%clk 1:16:03]} 8. Bd3 {[%clk 1:26:56]} dxe5 {[%clk 1:11:57]} 9. Nxe5
{[%clk 1:27:05]} Nc6 {[%clk 1:10:24]} 10. Nxc6 {[%clk 1:16:47]} bxc6
{[%clk 1:10:24]} 11. Be3 {[%clk 1:17:14]} Nd5 {[%clk 1:08:27]} 12. O-O
{[%clk 1:14:57]} Bd6 {[%clk 1:02:59]} 13. Nc3 {[%clk 1:02:08]} Nxc3
{[%clk 1:01:29]} 14. bxc3 {[%clk 1:02:37]} Qh4 {[%clk 0:43:02]} 15. g3
{[%clk 1:02:07]} Qh3 16. Qf3 {[%clk 0:48:40]} Bd7 {[%clk 0:40:06]} 17. Rab1
{[%clk 0:47:04]} h5 {[%clk 0:39:00]} 18. Rfe1 {[%clk 0:44:23]} Qg4
{[%clk 0:35:54]} 19. Qxg4 {[%clk 0:37:50]} hxg4 {[%clk 0:36:17]} 20. Be2
{[%clk 0:38:18]} f5 {[%clk 0:35:33]} 21. Bc4 {[%clk 0:35:37]} Rh5
{[%clk 0:31:08]} 22. Bd2 {[%clk 0:33:34]} Kd8 {[%clk 0:25:46]} 23. Bxe6
{[%clk 0:33:30]} Bxe6 {[%clk 0:25:07]} 24. Rxe6 {[%clk 0:33:57]} Kd7
{[%clk 0:25:30]} 25. Rg6 {[%clk 0:33:04]} Rh3 {[%clk 0:22:24]} 26. Rb7+
{[%clk 0:33:09]} Bc7 {[%clk 0:22:30]} 27. Rxg7+ {[%clk 0:32:32]} Ke6
{[%clk 0:21:57]} 28. Rgxc7 {[%clk 0:32:47]} Rah8 {[%clk 0:22:02]} 29. c4
{[%clk 0:32:37]} Rxh2 {[%clk 0:21:38]} 30. Rxc6# {[%clk 0:32:59]} 1-0

[Event "EYCC 2024 - O14"]
[Site "?"]
[Date "2024.08.25"]
[Round "4.3"]
[White "Gorkov, Kirill"]
[Black "Negre, Emilie"]
[Result "1-0"]
[BlackElo "2140"]
[WhiteElo "1995"]
[LiveChessVersion "1.4.8"]

1. e4 {[%clk 1:30:58]} e5 {[%clk 1:30:54]} 2. Nf3 {[%clk 1:31:24]} Nc6
{[%clk 1:31:18]} 3. Nc3 {[%clk 1:31:50]} Nf6 {[%clk 1:31:37]} 4. Bb5
{[%clk 1:32:13]} Nd4 {[%clk 1:31:33]} 5. Bc4 {[%clk 1:32:33]} Bc5
{[%clk 1:30:40]} 6. Nxe5 {[%clk 1:32:52]} Qe7 {[%clk 1:30:12]} 7. Nf3
{[%clk 1:33:04]} d5 {[%clk 1:18:33]} 8. Bxd5 {[%clk 1:33:16]} Nxd5
{[%clk 1:12:02]} 9. Nxd4 {[%clk 1:32:49]} Nf4 {[%clk 1:07:35]} 10. Qf3
{[%clk 1:19:14]} Qg5 {[%clk 0:42:44]} 11. d3 {[%clk 1:12:15]} Nxg2+
{[%clk 0:42:29]} 12. Kf1 {[%clk 1:11:02]} Qd8 {[%clk 0:22:02]} 13. Nf5
{[%clk 1:09:10]} Nh4 {[%clk 0:22:02]} 14. Nxg7+ {[%clk 0:59:43]} Kf8
{[%clk 0:21:13]} 15. Qg3 {[%clk 0:59:36]} Bd6 {[%clk 0:10:49]} 16. f4
{[%clk 0:58:19]} Rg8 {[%clk 0:08:29]} 17. Rg1 {[%clk 0:58:38]} Ng6
{[%clk 0:08:22]} 18. Nh5 {[%clk 0:53:17]} Bc5 {[%clk 0:02:00]} 19. Rg2
{[%clk 0:53:25]} Ne7 {[%clk 0:00:39]} 20. Qf3 {[%clk 0:53:02]} Rxg2
{[%clk 0:00:49]} 21. Qxg2 {[%clk 0:53:23]} Ng6 {[%clk 0:01:04]} 22. f5
{[%clk 0:53:17]} Qh4 {[%clk 0:01:13]} 23. Bh6+ {[%clk 0:52:04]} Kg8
{[%clk 0:01:05]} 24. Nd5 {[%clk 0:52:10]} Bf8 {[%clk 0:00:34]} 25. Ndf6+
{[%clk 0:52:07]} Kh8 {[%clk 0:00:58]} 26. Bxf8 {[%clk 0:52:23]} 1-0

[Event "EYCC 2024 - O14"]
[Site "?"]
[Date "2024.08.25"]
[Round "4.4"]
[White "Mahmudzade, Yunis"]
[Black "Topencik, Bruno"]
[Result "1/2-1/2"]
[BlackElo "2107"]
[WhiteElo "1962"]
[LiveChessVersion "1.4.8"]

1. d4 {[%clk 1:30:50]} Nf6 {[%clk 1:30:43]} 2. Nf3 {[%clk 1:31:15]} e6
{[%clk 1:31:04]} 3. c4 {[%clk 1:31:40]} d5 {[%clk 1:31:29]} 4. Nc3
{[%clk 1:31:17]} Bb4 {[%clk 1:31:46]} 5. cxd5 {[%clk 1:31:17]} exd5
{[%clk 1:31:55]} 6. Bf4 {[%clk 1:31:30]} Nbd7 {[%clk 1:31:32]} 7. e3
{[%clk 1:31:29]} Ne4 {[%clk 1:31:21]} 8. Rc1 {[%clk 1:31:27]} g5 {[%clk 1:31:01]}
9. Bg3 {[%clk 1:29:54]} h5 {[%clk 1:30:33]} 10. Qb3 {[%clk 1:24:55]} Bxc3+
{[%clk 1:21:17]} 11. bxc3 {[%clk 1:25:23]} Nb6 {[%clk 1:19:58]} 12. h4
{[%clk 1:20:29]} Nxg3 {[%clk 1:17:59]} 13. fxg3 {[%clk 1:20:35]} gxh4
{[%clk 1:16:39]} 14. gxh4 {[%clk 1:19:02]} Qe7 {[%clk 1:14:53]} 15. Kd2
{[%clk 1:16:15]} Be6 {[%clk 1:06:42]} 16. Ne5 {[%clk 1:15:05]} Rg8
{[%clk 1:02:38]} 17. Qb4 {[%clk 1:04:21]} f6 {[%clk 0:55:38]} 18. Qxe7+
{[%clk 1:02:46]} Kxe7 {[%clk 0:56:00]} 19. Nd3 {[%clk 1:02:58]} Nc4+
{[%clk 0:53:46]} 20. Ke2 {[%clk 1:03:27]} Bg4+ {[%clk 0:50:46]} 21. Kf2
{[%clk 1:03:35]} Nd6 {[%clk 0:50:16]} 22. Nf4 {[%clk 1:03:40]} Ne4+
{[%clk 0:49:41]} 23. Ke1 {[%clk 1:04:09]} Kd6 {[%clk 0:47:05]} 24. Bd3
{[%clk 0:57:59]} Rae8 {[%clk 0:43:22]} 25. Bxe4 {[%clk 0:56:58]} Rxe4
{[%clk 0:43:21]} 26. Kf2 {[%clk 0:57:05]} c5 {[%clk 0:39:26]} 27. Rb1
{[%clk 0:54:55]} b6 {[%clk 0:38:00]} 28. a4 {[%clk 0:52:55]} cxd4
{[%clk 0:33:35]} 29. cxd4 {[%clk 0:53:24]} Rc8 {[%clk 0:33:44]} 30. Rhc1
{[%clk 0:53:53]} Ree8 {[%clk 0:32:29]} 31. Rxc8 {[%clk 0:52:29]} Rxc8
{[%clk 0:32:54]} 32. Rb5 {[%clk 0:52:48]} Be6 {[%clk 0:25:34]} 33. a5
{[%clk 0:51:57]} Kc6 1/2-1/2

[Event "EYCC 2024 - O14"]
[Site "?"]
[Date "2024.08.25"]
[Round "4.5"]
[White "Laignel, Quentin"]
[Black "Askanazyan, Gor"]
[Result "1-0"]
[BlackElo "1945"]
[WhiteElo "2101"]
[LiveChessVersion "1.4.8"]

1. d4 {[%clk 1:30:55]} d5 {[%clk 1:30:05]} 2. c4 {[%clk 1:30:37]} c6
{[%clk 1:30:12]} 3. Nf3 {[%clk 1:29:36]} Nf6 {[%clk 1:30:37]} 4. Nc3
{[%clk 1:29:31]} e6 {[%clk 1:31:03]} 5. Bg5 {[%clk 1:28:43]} dxc4
{[%clk 1:31:17]} 6. e4 {[%clk 1:28:06]} b5 {[%clk 1:31:41]} 7. e5
{[%clk 1:28:25]} h6 {[%clk 1:32:08]} 8. Bh4 {[%clk 1:28:39]} g5 {[%clk 1:32:35]}
9. Nxg5 {[%clk 1:28:50]} hxg5 {[%clk 1:33:04]} 10. Bxg5 {[%clk 1:29:06]} Nbd7
{[%clk 1:32:56]} 11. g3 {[%clk 1:23:51]} Bb7 {[%clk 1:32:28]} 12. Bg2
{[%clk 1:21:16]} Qb6 {[%clk 1:32:22]} 13. exf6 {[%clk 1:19:03]} O-O-O
{[%clk 1:32:23]} 14. O-O {[%clk 1:19:03]} c5 {[%clk 1:32:49]} 15. d5
{[%clk 1:15:12]} b4 {[%clk 1:33:10]} 16. Na4 {[%clk 1:12:11]} Qb5
{[%clk 1:33:34]} 17. a3 {[%clk 1:05:04]} Nb8 {[%clk 1:33:25]} 18. axb4
{[%clk 0:50:09]} cxb4 {[%clk 1:33:38]} 19. Qg4 {[%clk 0:50:16]} Bxd5
{[%clk 1:33:55]} 20. Rfc1 {[%clk 0:49:56]} Nc6 {[%clk 1:31:31]} 21. Bxd5
{[%clk 0:47:51]} Rxd5 {[%clk 1:31:59]} 22. h4 {[%clk 0:35:04]} Ne5
{[%clk 1:11:04]} 23. Qe4 {[%clk 0:33:19]} Rd4 {[%clk 0:41:52]} 24. Qa8+
{[%clk 0:31:20]} Qb8 {[%clk 0:42:20]} 25. Qxb8+ {[%clk 0:31:29]} Kxb8
{[%clk 0:42:49]} 26. Be3 {[%clk 0:26:11]} Rg4 {[%clk 0:39:39]} 27. Rd1
{[%clk 0:24:27]} Kc7 {[%clk 0:30:19]} 28. Nc5 {[%clk 0:19:27]} Bxc5
{[%clk 0:17:22]} 29. Bxc5 {[%clk 0:19:50]} Nc6 {[%clk 0:17:22]} 30. Ra6
{[%clk 0:11:33]} Rhxh4 {[%clk 0:14:50]} 31. Rd6 {[%clk 0:11:06]} c3
{[%clk 0:07:47]} 32. bxc3 {[%clk 0:04:53]} b3 {[%clk 0:05:48]} 33. Rdxc6+
{[%clk 0:03:42]} Kb7 {[%clk 0:05:36]} 34. Bxa7 {[%clk 0:02:34]} Rb4
{[%clk 0:01:14]} 35. gxh4 {[%clk 0:02:47]} b2 {[%clk 0:01:17]} 36. Rcb6+
{[%clk 0:03:10]} 1-0

[Event "EYCC 2024 - O14"]
[Site "?"]
[Date "2024.08.25"]
[Round "4.6"]
[White "Gubin, Dmitrii"]
[Black "Rudlof, Adam"]
[Result "1-0"]
[BlackElo "1943"]
[WhiteElo "2084"]
[LiveChessVersion "1.4.8"]

1. Nf3 {[%clk 1:30:56]} Nf6 {[%clk 1:30:17]} 2. b3 {[%clk 1:31:18]} g6
{[%clk 1:29:51]} 3. Bb2 {[%clk 1:31:42]} Bg7 {[%clk 1:30:17]} 4. g3
{[%clk 1:32:08]} O-O {[%clk 1:30:22]} 5. Bg2 {[%clk 1:32:31]} c5 {[%clk 1:29:52]}
6. c4 {[%clk 1:32:54]} Nc6 {[%clk 1:29:26]} 7. O-O {[%clk 1:33:15]} d6
{[%clk 1:29:29]} 8. d4 {[%clk 1:33:39]} cxd4 {[%clk 1:29:27]} 9. Nxd4
{[%clk 1:34:02]} Bd7 {[%clk 1:29:14]} 10. Nc3 {[%clk 1:34:17]} Nxd4
{[%clk 1:28:25]} 11. Qxd4 {[%clk 1:34:39]} Bc6 {[%clk 1:28:47]} 12. Nd5
{[%clk 1:27:02]} Ne8 {[%clk 1:24:32]} 13. Qd2 {[%clk 1:26:52]} Bxb2
{[%clk 1:18:07]} 14. Qxb2 {[%clk 1:26:33]} e6 {[%clk 1:18:27]} 15. Nc3
{[%clk 1:26:39]} Bxg2 {[%clk 1:18:33]} 16. Kxg2 {[%clk 1:27:01]} Qf6
{[%clk 1:14:41]} 17. Rad1 {[%clk 1:22:29]} Rd8 {[%clk 1:13:28]} 18. Qd2
{[%clk 1:18:57]} Qe5 {[%clk 1:05:44]} 19. e4 {[%clk 1:15:12]} Nf6
{[%clk 1:03:24]} 20. Rfe1 {[%clk 1:11:05]} a6 {[%clk 1:01:18]} 21. Qd4
{[%clk 1:04:27]} Kg7 {[%clk 0:52:22]} 22. a4 {[%clk 0:49:09]} Qa5
{[%clk 0:47:57]} 23. Re2 {[%clk 0:47:29]} Rd7 {[%clk 0:45:33]} 24. Rd3
{[%clk 0:45:14]} Rc8 {[%clk 0:40:50]} 25. Rf3 {[%clk 0:40:19]} Qe5
{[%clk 0:41:10]} 26. Qd2 {[%clk 0:40:35]} Rc6 {[%clk 0:38:50]} 27. Rd3
{[%clk 0:39:23]} Rb6 {[%clk 0:35:14]} 28. f4 {[%clk 0:23:53]} Qa5
{[%clk 0:33:53]} 29. e5 {[%clk 0:23:13]} Ne8 {[%clk 0:33:28]} 30. Ne4
{[%clk 0:23:17]} Qxd2 {[%clk 0:32:14]} 31. Rexd2 {[%clk 0:23:41]} d5
{[%clk 0:32:26]} 32. cxd5 {[%clk 0:18:29]} Rxd5 {[%clk 0:32:32]} 33. Rxd5
{[%clk 0:18:42]} exd5 {[%clk 0:32:56]} 34. Rxd5 {[%clk 0:18:57]} Rxb3
{[%clk 0:32:44]} 35. Rd7 {[%clk 0:14:16]} Rb2+ {[%clk 0:30:00]} 36. Kf3
{[%clk 0:12:35]} Rb3+ {[%clk 0:23:59]} 37. Kg2 {[%clk 0:12:04]} Rb2+
{[%clk 0:24:19]} 38. Kh3 {[%clk 0:11:35]} Rb4 {[%clk 0:19:39]} 39. Ng5
{[%clk 0:11:45]} Rxa4 {[%clk 0:19:06]} 40. e6 {[%clk 0:10:12]} h6
{[%clk 0:17:50]} 41. exf7 {[%clk 0:09:40]} Kf8 {[%clk 0:17:25]} 42. Ne6# 1-0

[Event "EYCC 2024 - O14"]
[Site "?"]
[Date "2024.08.25"]
[Round "4.7"]
[White "Moldovan, Lucas Gabriel"]
[Black "Senel, Hayri Beyhun"]
[Result "1/2-1/2"]
[BlackElo "2084"]
[WhiteElo "1919"]
[LiveChessVersion "1.4.8"]

1. e4 {[%clk 1:30:40]} c5 {[%clk 1:30:25]} 2. Nc3 {[%clk 1:31:02]} a6
{[%clk 1:30:49]} 3. d4 {[%clk 1:29:54]} cxd4 {[%clk 1:29:08]} 4. Qxd4
{[%clk 1:28:47]} Nc6 {[%clk 1:29:30]} 5. Qe3 {[%clk 1:28:51]} b5 {[%clk 1:22:34]}
6. Qg3 {[%clk 1:25:19]} d6 {[%clk 1:15:03]} 7. Bd3 {[%clk 1:15:23]} g6
{[%clk 1:08:37]} 8. Nge2 {[%clk 1:05:36]} Bg7 {[%clk 1:03:45]} 9. Be3
{[%clk 0:57:34]} Nf6 {[%clk 0:50:46]} 10. f4 {[%clk 0:44:05]} Bd7
{[%clk 0:34:43]} 11. f5 {[%clk 0:33:24]} b4 {[%clk 0:27:34]} 12. Nd1
{[%clk 0:30:17]} Ne5 {[%clk 0:26:47]} 13. Nf4 {[%clk 0:26:19]} Bc6
{[%clk 0:17:56]} 14. Nf2 {[%clk 0:23:42]} Qd7 {[%clk 0:13:21]} 15. h4
{[%clk 0:18:29]} Rg8 {[%clk 0:12:08]} 16. fxg6 {[%clk 0:14:58]} hxg6
{[%clk 0:11:11]} 17. Bd2 {[%clk 0:12:20]} Qb7 {[%clk 0:10:23]} 18. h5
{[%clk 0:10:10]} g5 {[%clk 0:06:59]} 19. Ne2 {[%clk 0:04:56]} Bh6
{[%clk 0:06:56]} 20. Qe3 {[%clk 0:04:57]} Rh8 {[%clk 0:05:03]} 21. Ng3
{[%clk 0:04:40]} Bd7 {[%clk 0:03:37]} 22. O-O-O {[%clk 0:02:45]} a5
{[%clk 0:03:47]} 23. Nf5 {[%clk 0:03:03]} Bxf5 {[%clk 0:03:18]} 24. exf5
{[%clk 0:03:31]} Rc8 {[%clk 0:02:44]} 25. Qd4 {[%clk 0:03:04]} Kf8
{[%clk 0:01:41]} 26. Kb1 {[%clk 0:03:18]} Qc6 {[%clk 0:01:08]} 27. Ne4
{[%clk 0:03:05]} Nxe4 {[%clk 0:01:13]} 28. Bxe4 {[%clk 0:03:34]} Qc4
{[%clk 0:01:22]} 29. Be3 {[%clk 0:02:28]} Qxd4 {[%clk 0:01:08]} 30. Bxd4
{[%clk 0:02:56]} Bg7 {[%clk 0:01:38]} 31. Bxe5 {[%clk 0:02:33]} Bxe5
{[%clk 0:02:05]} 32. Rd5 {[%clk 0:02:55]} Rc4 {[%clk 0:01:20]} 33. Bd3
{[%clk 0:02:20]} Rc5 1/2-1/2

[Event "EYCC 2024 - O14"]
[Site "?"]
[Date "2024.08.25"]
[Round "4.8"]
[White "Roubal, Matyas"]
[Black "Auribault, Louis"]
[Result "1/2-1/2"]
[BlackElo "2081"]
[WhiteElo "1916"]
[LiveChessVersion "1.4.8"]

1. e4 {[%clk 1:30:58]} c5 {[%clk 1:30:35]} 2. Nf3 {[%clk 1:31:14]} e6
{[%clk 1:30:59]} 3. c3 {[%clk 1:31:20]} d5 {[%clk 1:31:23]} 4. e5
{[%clk 1:30:55]} d4 {[%clk 1:31:48]} 5. Bd3 {[%clk 1:29:26]} Bd7 {[%clk 1:32:14]}
6. Qe2 {[%clk 1:24:39]} Bc6 {[%clk 1:32:01]} 7. O-O {[%clk 1:21:52]} Ne7
{[%clk 1:32:05]} 8. Be4 {[%clk 1:20:21]} Bxe4 {[%clk 1:27:24]} 9. Qxe4
{[%clk 1:20:47]} Nbc6 {[%clk 1:27:44]} 10. Na3 {[%clk 1:18:17]} Nf5
{[%clk 1:25:26]} 11. Nc2 {[%clk 1:09:47]} Rc8 {[%clk 1:13:07]} 12. h3
{[%clk 1:05:21]} Be7 {[%clk 1:07:37]} 13. d3 {[%clk 0:57:46]} O-O
{[%clk 1:06:39]} 14. g4 {[%clk 0:54:24]} Nh4 {[%clk 1:07:03]} 15. Nxh4
{[%clk 0:54:39]} Bxh4 {[%clk 1:07:31]} 16. f4 {[%clk 0:54:43]} c4
{[%clk 0:59:28]} 17. Nxd4 {[%clk 0:49:08]} Nxd4 {[%clk 0:58:03]} 18. cxd4
{[%clk 0:49:08]} Qb6 {[%clk 0:55:45]} 19. f5 {[%clk 0:45:24]} cxd3
{[%clk 0:52:25]} 20. g5 {[%clk 0:39:28]} d2 {[%clk 0:52:13]} 21. Bxd2
{[%clk 0:37:15]} Qxb2 {[%clk 0:52:36]} 22. Rad1 {[%clk 0:28:45]} Rc2
{[%clk 0:48:23]} 23. fxe6 {[%clk 0:28:37]} Rxd2 {[%clk 0:45:13]} 24. Rxd2
{[%clk 0:23:03]} Qxd2 {[%clk 0:45:26]} 25. exf7+ {[%clk 0:21:57]} Rxf7
{[%clk 0:44:39]} 26. Qxh4 {[%clk 0:22:21]} Rxf1+ {[%clk 0:43:39]} 27. Kxf1
{[%clk 0:22:31]} Qd3+ {[%clk 0:44:04]} 28. Kf2 {[%clk 0:21:23]} Qc2+
{[%clk 0:40:26]} 29. Kf3 {[%clk 0:21:12]} Qc3+ {[%clk 0:36:28]} 30. Ke4
{[%clk 0:20:45]} Qc2+ {[%clk 0:36:50]} 31. Ke3 {[%clk 0:21:10]} 1/2-1/2

[Event "EYCC 2024 - O14"]
[Site "?"]
[Date "2024.08.25"]
[Round "4.9"]
[White "Lehocz, Jozsef Jr."]
[Black "Omarsson, Josef"]
[Result "1/2-1/2"]
[BlackElo "1895"]
[WhiteElo "2069"]
[LiveChessVersion "1.4.8"]

1. b3 {[%clk 1:30:46]} Nf6 {[%clk 1:30:41]} 2. Bb2 {[%clk 1:31:01]} g6
{[%clk 1:30:40]} 3. e3 {[%clk 1:30:42]} Bg7 {[%clk 1:30:40]} 4. Nf3
{[%clk 1:30:22]} O-O {[%clk 1:30:38]} 5. Be2 {[%clk 1:28:41]} c5 {[%clk 1:29:36]}
6. c4 {[%clk 1:23:50]} Nc6 {[%clk 1:28:34]} 7. O-O {[%clk 1:15:17]} e6
{[%clk 1:26:44]} 8. d4 {[%clk 1:12:57]} cxd4 {[%clk 1:24:22]} 9. Nxd4
{[%clk 1:11:38]} d5 {[%clk 1:23:01]} 10. Nd2 {[%clk 0:58:16]} Re8
{[%clk 1:16:31]} 11. cxd5 {[%clk 0:44:10]} Nxd4 {[%clk 1:14:54]} 12. Bxd4
{[%clk 0:44:22]} e5 {[%clk 1:11:25]} 13. Bb2 {[%clk 0:43:54]} Nxd5
{[%clk 1:09:33]} 14. Nf3 {[%clk 0:36:59]} Bg4 {[%clk 1:07:05]} 15. Qd2
{[%clk 0:30:36]} e4 {[%clk 0:57:58]} 16. Nd4 {[%clk 0:27:07]} Bxe2
{[%clk 0:54:16]} 17. Qxe2 {[%clk 0:24:35]} Qb6 {[%clk 0:49:24]} 18. Rad1
{[%clk 0:16:49]} Nb4 {[%clk 0:48:29]} 19. Ba1 {[%clk 0:16:27]} Rac8
{[%clk 0:47:33]} 20. f3 {[%clk 0:14:34]} Bh6 {[%clk 0:40:50]} 21. a3
{[%clk 0:08:54]} Nd5 {[%clk 0:40:01]} 22. f4 {[%clk 0:06:56]} Nc3
{[%clk 0:39:48]} 23. Bxc3 {[%clk 0:07:13]} Rxc3 {[%clk 0:40:12]} 24. Rc1
{[%clk 0:03:41]} Rec8 {[%clk 0:39:49]} 25. Rxc3 {[%clk 0:03:30]} Rxc3
{[%clk 0:40:11]} 26. Rd1 {[%clk 0:01:17]} Bg7 {[%clk 0:38:00]} 27. h3
{[%clk 0:00:56]} Bxd4 {[%clk 0:38:01]} 28. Rxd4 {[%clk 0:01:24]} Qxb3
{[%clk 0:38:20]} 29. f5 {[%clk 0:00:41]} Rxe3 {[%clk 0:35:39]} 30. f6
{[%clk 0:00:42]} h5 {[%clk 0:34:45]} 31. Rd8+ {[%clk 0:00:53]} Kh7
{[%clk 0:34:59]} 32. Qd2 {[%clk 0:00:53]} Qc3 {[%clk 0:34:32]} 33. Qxc3
{[%clk 0:00:33]} Rxc3 {[%clk 0:34:53]} 34. Rd7 {[%clk 0:01:00]} Rb3
{[%clk 0:34:33]} 35. Rxf7+ {[%clk 0:01:18]} Kh6 {[%clk 0:34:55]} 36. Re7
{[%clk 0:01:20]} e3 {[%clk 0:34:54]} 37. Re8 {[%clk 0:00:36]} Rb1+
{[%clk 0:34:48]} 38. Kh2 {[%clk 0:01:03]} Rf1 {[%clk 0:35:12]} 39. Rxe3
{[%clk 0:00:59]} Rxf6 {[%clk 0:35:34]} 40. Re7 {[%clk 0:01:21]} Rb6
{[%clk 0:35:48]} 41. a4 {[%clk 0:01:22]} Rb3 {[%clk 0:34:37]} 42. a5
{[%clk 0:01:26]} a6 {[%clk 0:34:55]} 43. h4 {[%clk 0:01:42]} Rb4 {[%clk 0:34:25]}
44. g3 {[%clk 0:01:44]} Rb2+ {[%clk 0:34:46]} 45. Kg1 {[%clk 0:01:41]} Rb5
{[%clk 0:33:40]} 46. Rd7 {[%clk 0:01:41]} Rxa5 {[%clk 0:31:47]} 47. Rxb7
{[%clk 0:02:06]} Ra2 {[%clk 0:32:08]} 48. Kf1 {[%clk 0:02:04]} a5
{[%clk 0:31:28]} 49. Ra7 {[%clk 0:02:19]} a4 {[%clk 0:31:03]} 50. Kg1
{[%clk 0:02:37]} a3 {[%clk 0:30:18]} 51. Kh1 {[%clk 0:02:41]} Ra1+
{[%clk 0:30:05]} 52. Kh2 {[%clk 0:03:03]} Ra2+ {[%clk 0:30:28]} 53. Kh1
{[%clk 0:03:24]} Ra1+ 1/2-1/2